000 00326nam a22001457a 4500
003 OSt
008 220521b ||||| |||| 00| 0 eng d
020 _a978-0-7535-5389-3
082 _a658.4092 GRT
100 _aGRANT, Adam
245 _aThink Again
260 _aLondon
_bWH Allen
_c2021
300 _a307
942 _2ddc
_cBK
999 _c11239
_d11239